| 000 -LEADER |
| fixed length control field |
01554nam a22002297a 4500 |
| 005 - DATE AND TIME OF LATEST TRANSACTION |
| control field |
20240129114435.0 |
| 008 - FIXED-LENGTH DATA ELEMENTS--GENERAL INFORMATION |
| fixed length control field |
240129b ||||| |||| 00| 0 eng d |
| 020 ## - INTERNATIONAL STANDARD BOOK NUMBER |
| International Standard Book Number |
9780062946553 |
| 040 ## - CATALOGING SOURCE |
| Transcribing agency |
KH8 |
| 082 ## - DEWEY DECIMAL CLASSIFICATION NUMBER |
| Classification number |
813.6 GAR |
| 100 ## - MAIN ENTRY--PERSONAL NAME |
| Personal name |
Gardner, P. J. |
| Relator term |
Author |
| 245 ## - TITLE STATEMENT |
| Title |
Horace & Bunwinkle / |
| Statement of responsibility, etc. |
P. J. Gardner |
| 260 ## - PUBLICATION, DISTRIBUTION, ETC. |
| Place of publication, distribution, etc. |
New York, NY, |
| Name of publisher, distributor, etc. |
HarperCollinsPublishers, |
| Date of publication, distribution, etc. |
2021 |
| 300 ## - PHYSICAL DESCRIPTION |
| Extent |
198 pages : |
| Other physical details |
illustrations ; |
| Dimensions |
20 cm. |
| 440 ## - SERIES STATEMENT/ADDED ENTRY--TITLE |
| Title |
Horace & Bunwinkle, |
| Volume/sequential designation |
book 1 |
| 520 ## - SUMMARY, ETC. |
| Summary, etc. |
"Horace Homer Higgins III despises dirt. And the outdoors. And ducks. But when his person, Ellie, moves to a farm called the Homestead, the anxious Boston Terrier is forced to adapt. As if that isn't enough to strain his nerves, Ellie adopts a perpetually cheerful potbellied pig named Bunwinkle to be his baby sister. Bunwinkle is delighted to be on the farm despite the stuffiness of her new canine brother. She's sure she'll crack his shell eventually--no one can resist her cuteness for long--especially once they bond over watching a TV pet-tective show. When the duo discovers that neighborhood animals have been disappearing, they decide to use their new detective skills to team up to solve this barnyard mystery. Is it a mountain lion? Or their suspiciously shot-loving veterinarians? Only one thing seems certain: if they don't figure it out soon, one of them might be next!"-- Provided by publisher |
| 650 ## - SUBJECT ADDED ENTRY--TOPICAL TERM |
| Topical term or geographic name entry element |
Animal fiction |
| 650 ## - SUBJECT ADDED ENTRY--TOPICAL TERM |
| Topical term or geographic name entry element |
Boston terrier |
| 650 ## - SUBJECT ADDED ENTRY--TOPICAL TERM |
| Topical term or geographic name entry element |
Dogs Fiction |
| 700 ## - ADDED ENTRY--PERSONAL NAME |
| Personal name |
Dave Mottram |
| Relator term |
Illustrator |
| 942 ## - ADDED ENTRY ELEMENTS (KOHA) |
| Source of classification or shelving scheme |
|
| Koha item type |
Books - Fiction |